Organizational commitment in relation to leadership behaviors and the achievement of institutional goals. (Record no. 298005)
[ view plain ]
| 000 -LEADER | |
|---|---|
| fixed length control field | 00379nam a2200097Ia 4500 |
| 008 - FIXED-LENGTH DATA ELEMENTS--GENERAL INFORMATION | |
| fixed length control field | 160725s9999 xx 000 0 und d |
| 100 ## - MAIN ENTRY--PERSONAL NAME | |
| Personal name | Gutierrez-Tangog, Marjorie S. |
| 245 ## - TITLE STATEMENT | |
| Title | Organizational commitment in relation to leadership behaviors and the achievement of institutional goals. |
| 260 ## - PUBLICATION, DISTRIBUTION, ETC. (IMPRINT) | |
| Name of publisher, distributor, etc | Kaizen Research Journal College of Education |
| Date of publication, distribution, etc | January 2014 |
| 650 ## - SUBJECT ADDED ENTRY--TOPICAL TERM | |
| Topical term or geographic name as entry element | EDUCATION |
No items available.